000 00471nam a2200121 a 4500
008 120416s1983 ||||||||||||||||| || u
050 _aDT 61 Anc
100 _aHall, Rosalind M
245 1 0 _aAncient centres of Egyptian civilization
_cedited by H. S. Smith
260 _aLondon
_c1983
350 _a0.00
995 _D0.00
_FCBU-MAIN LIBRARY (Kitwe)
_H1
_I10.00
_M1
_UAVAILABLE
_WSep 7, 2006
_ZMain Library Open Access Collection
999 _c34399
_d34399